[Event "27th Open"]
[Site "Cappelle la Grande FRA"]
[Date "2011.02.26"]
[Round "1"]
[White "Jovanic,O"]
[Black "Favarel,A"]
[Result "1-0"]
[WhiteElo "2489"]
[BlackElo "2257"]
[EventDate "2011.02.26"]

1. d4 Nf6 2. Nf3 e6 3. c4 d5 4. Nc3 Bb4 5. Qa4+ Nc6 6. e3 O-O 7. Bd2 Bd7 8.
Qc2 Qe7 9. a3 Bxc3 10. Bxc3 Ne4 11. Bd3 Nxc3 12. Qxc3 dxc4 13. Bxc4 Rfe8
14. Be2 Rac8 15. Rd1 e5 16. d5 Nd8 17. e4 f5 18. exf5 Bxf5 19. O-O Nf7 20.
Rfe1 Nd6 21. Rc1 Qf6 22. Bd1 Be4 23. Qd2 h6 24. Re3 Re7 25. Bb3 Rf8 26.
Rxe4 Nxe4 27. d6+ Ref7 28. Qe3 Nxd6 29. Nxe5 Kh8 30. Bxf7 Nxf7 31. Nd7 1-0

[Event "27th Open"]
[Site "Cappelle la Grande FRA"]
[Date "2011.02.26"]
[Round "1"]
[White "Bauduin,E"]
[Black "Arnaudov,G"]
[Result "1/2-1/2"]
[WhiteElo "2255"]
[BlackElo "2489"]
[EventDate "2011.02.26"]

1. c4 Nf6 2. g3 c6 3. Bg2 d5 4. Nf3 Bg4 5. Ne5 Be6 6. cxd5 Bxd5 7. Nf3 c5
8. Nc3 Bc6 9. O-O Nbd7 10. d3 g6 11. Bg5 Bg7 12. Re1 h6 13. Bf4 O-O 14. e4
Ng4 15. h3 Nge5 16. Nxe5 Nxe5 17. Bxe5 Bxe5 18. Qd2 Bg7 19. Nd5 e6 20. Ne3
Qd4 21. b3 Rfd8 22. Red1 b6 23. a4 Bb7 24. Kh2 Qb2 25. Qxb2 Bxb2 26. Rab1
Bd4 27. Rd2 Rd7 28. Nc4 Rad8 29. Rc2 Bg7 30. Bf1 f5 31. f3 fxe4 32. dxe4
Rd1 33. Rxd1 Rxd1 34. Be2 Re1 35. Nd6 Bc6 36. Nc8 Bd7 37. Nxa7 Bd4 38. Nb5
e5 39. Nc7 Kf8 40. Nd5 1/2-1/2

[Event "27th Open"]
[Site "Cappelle la Grande FRA"]
[Date "2011.02.26"]
[Round "1"]
[White "Haub,TM"]
[Black "Cieza,A"]
[Result "1-0"]
[WhiteElo "2489"]
[BlackElo "2252"]
[EventDate "2011.02.26"]

1. g3 c5 2. Bg2 Nc6 3. d3 d5 4. Nd2 Nf6 5. Ngf3 Bg4 6. h3 Bd7 7. e4 dxe4 8.
dxe4 e5 9. c3 Be7 10. Qe2 b5 11. O-O Rb8 12. Rd1 Qc8 13. Kh2 h5 14. Nf1 Be6
15. Ng5 Bc4 16. Qc2 h4 17. g4 Nxg4+ 18. hxg4 Bxg5 19. Bxg5 Qxg4 20. Be3 h3
21. Bh1 Be2 22. Rd2 Bf3 23. Ng3 c4 24. Rg1 Bg2 25. Nf5 g6 26. f3 Qxf3 27.
Rf2 Qg4 28. Nd6+ Kf8 29. Rxf7+ Kg8 30. Qf2 Qe6 31. Rf6 Qg4 32. Nf7 Qxe4 33.
Nxh8 Ne7 34. Nxg6 Nxg6 35. Rxg6+ 1-0

[Event "27th Open"]
[Site "Cappelle la Grande FRA"]
[Date "2011.02.26"]
[Round "1"]
[White "Ravot,S"]
[Black "Sepp,O"]
[Result "1/2-1/2"]
[WhiteElo "2250"]
[BlackElo "2485"]
[EventDate "2011.02.26"]

1. d4 Nf6 2. c4 g6 3. Nf3 Bg7 4. g3 O-O 5. Bg2 d6 6. Nc3 Nbd7 7. O-O e5 8.
e4 c6 9. h3 Qb6 10. c5 dxc5 11. dxe5 Ne8 12. Be3 Qxb2 13. Na4 Qa3 14. Qc2
c4 15. Qxc4 Nc7 16. Bd4 Qe7 17. Rad1 Re8 18. Nc5 b6 19. Nxd7 Bxd7 20. Be3
c5 21. Qc1 Bb5 22. Rfe1 Ne6 23. Bh6 Bh8 24. Bf1 Bxf1 25. Kxf1 Nc7 26. Kg2
Rad8 27. Bg5 Rxd1 28. Rxd1 Qe6 29. Qc2 Rc8 30. Rd6 Qe8 31. Qd2 c4 32. Bf6
Ne6 33. Qc3 b5 34. a3 Bxf6 35. exf6 Nc5 36. Nd2 Nxe4 37. Nxe4 Qxe4+ 38. Kh2
h5 39. Qd2 Qe8 40. Qc3 Kh7 41. Rd5 a6 42. Re5 Qd8 43. Qf3 Qd3 44. Qb7 Rf8
45. Re7 Kg8 46. Qxa6 c3 47. Rc7 h4 48. gxh4 Qd4 49. Qc6 Qxf2+ 50. Kh1 Qe1+
51. Kg2 Qd2+ 52. Kg3 c2 53. Qxc2 Qd6+ 54. Kg2 Qxf6 55. Rc8 Rxc8 56. Qxc8+
Kg7 57. Qc5 Qb2+ 58. Kf3 Qh2 59. Qxb5 Qxh3+ 60. Ke2 Qxa3 61. Qe5+ Kg8 62.
Qe8+ Qf8 63. Qe4 Qc5 64. Kf3 Kg7 65. Kg3 Qc3+ 66. Kg2 Qf6 67. Kg3 Qd6+ 68.
Kg2 f5 69. Qf3 Qd2+ 70. Kh3 Kh6 71. h5 Qg5 72. hxg6 Qxg6 73. Qf4+ Kh7 74.
Qh4+ Kg7 75. Qg3 1/2-1/2

[Event "27th Open"]
[Site "Cappelle la Grande FRA"]
[Date "2011.02.26"]
[Round "1"]
[White "Zagrebelny,S"]
[Black "Mancini,M"]
[Result "1-0"]
[WhiteElo "2481"]
[BlackElo "2249"]
[EventDate "2011.02.26"]

1. e4 e5 2. Nf3 Nc6 3. Bb5 a6 4. Ba4 d6 5. O-O Bd7 6. c3 g6 7. d4 Bg7 8. d5
Na5 9. Bxd7+ Qxd7 10. b4 Nc4 11. Qd3 b5 12. a4 Rb8 13. Nbd2 Nxd2 14. Bxd2
Ne7 15. c4 bxc4 16. Qxc4 c6 17. Bg5 cxd5 18. exd5 f6 19. Be3 Qb7 20. Rfd1
O-O 21. Rab1 Rfc8 22. Qb3 Nf5 23. Nd2 Nxe3 24. fxe3 Qc7 25. b5 axb5 26.
axb5 Bh6 27. Kf2 f5 28. b6 Qc3 29. Nf1 Bf8 30. b7 Qxb3 31. Rxb3 Rc7 32.
Rdb1 Kf7 33. Nd2 Ke8 34. Rb4 Rc2 35. R1b2 Rc1 36. Nb3 Rc5 37. Nxc5 dxc5 38.
Ra4 Kd7 39. Ra8 Bd6 40. Rb6 Bc7 41. Rxb8 Bxb8 42. Rc6 Bc7 43. Rxc5 1-0

[Event "27th Open"]
[Site "Cappelle la Grande FRA"]
[Date "2011.02.26"]
[Round "1"]
[White "Houriez,C"]
[Black "Brunner,N"]
[Result "1-0"]
[WhiteElo "2244"]
[BlackElo "2478"]
[EventDate "2011.02.26"]

1. d4 Nf6 2. c4 e6 3. Nf3 c5 4. d5 d6 5. Nc3 exd5 6. cxd5 g6 7. Bf4 a6 8.
a4 Bg7 9. e4 Bg4 10. Be2 Bxf3 11. Bxf3 O-O 12. O-O Qe7 13. Qd2 Nbd7 14.
Rfe1 Rab8 15. Be2 Ne8 16. Bg5 f6 17. Bh4 Nc7 18. f4 Bh6 19. Bf2 b5 20. axb5
axb5 21. Ra7 Qd8 22. b4 cxb4 23. Na2 Ra8 24. Nxb4 Rxa7 25. Bxa7 Qa8 26. Bf2
Re8 27. Bf3 Ne5 28. Qc3 Nc4 29. Ra1 Qc8 30. g3 f5 31. Qd3 fxe4 32. Bxe4 Qd7
33. Nc6 Ra8 34. Rxa8+ Nxa8 35. f5 gxf5 36. Bxf5 Qg7 37. Bd4 Ne5 38. Qxb5
Nf3+ 39. Kg2 Nxd4 40. Nxd4 Qe7 41. Be6+ Kh8 42. Nf5 Qf8 43. Nxh6 Qxh6 44.
Qb2+ 1-0

[Event "27th Open"]
[Site "Cappelle la Grande FRA"]
[Date "2011.02.26"]
[Round "1"]
[White "Sharapov,E"]
[Black "Silva,An"]
[Result "1-0"]
[WhiteElo "2468"]
[BlackElo "2242"]
[EventDate "2011.02.26"]

1. e4 Nf6 2. e5 Nd5 3. d4 d6 4. Nf3 dxe5 5. Nxe5 c6 6. Bc4 Bf5 7. O-O Nd7
8. Nf3 e6 9. h3 Be7 10. Bb3 O-O 11. c4 N5b6 12. Nc3 Qc7 13. Re1 Rfe8 14.
Be3 c5 15. Nb5 Qb8 16. Qd2 cxd4 17. Bf4 Bb4 18. Qxd4 e5 19. Nxe5 Bxe1 20.
Nxd7 Qd8 21. Nxb6 axb6 22. Qxd8 Raxd8 23. Nd6 Bd2 24. Bg3 Rxd6 25. Bxd6 Be6
26. Rd1 Bg5 27. Bc7 Rc8 28. Bxb6 g6 29. c5 1-0

[Event "27th Open"]
[Site "Cappelle la Grande FRA"]
[Date "2011.02.26"]
[Round "1"]
[White "Platel,Al"]
[Black "Wirig,A"]
[Result "0-1"]
[WhiteElo "2240"]
[BlackElo "2466"]
[EventDate "2011.02.26"]

1. e4 e6 2. d4 d5 3. Nc3 Bb4 4. Nge2 Nf6 5. Bd2 O-O 6. e5 Nfd7 7. Nf4 c5 8.
a3 cxd4 9. axb4 dxc3 10. Bxc3 Nc6 11. b5 Ncxe5 12. Qd4 f6 13. Rxa7 Rxa7 14.
Qxa7 Nf7 15. Be2 Re8 16. O-O Qc7 17. Nd3 e5 18. Rc1 Qb6 19. Qa5 d4 20. Bb4
Qxa5 21. Bxa5 Nd6 22. Bb4 Nxb5 23. Nc5 Nxc5 24. Bxb5 Bd7 25. Bc4+ Be6 26.
Bxc5 Bxc4 27. f3 Rc8 28. Bb6 Rc6 29. Ba5 Bb3 30. c3 d3 31. c4 Bc2 32. Kf2
Rxc4 33. Ke3 Rh4 34. Rh1 Ra4 35. Bc3 Kf7 36. b4 Ke6 37. Ra1 b5 38. Rxa4
bxa4 39. Bb2 Kd5 40. Kd2 Kc4 41. Ba3 g6 42. g4 f5 43. gxf5 gxf5 44. h4 f4
0-1

[Event "27th Open"]
[Site "Cappelle la Grande FRA"]
[Date "2011.02.27"]
[Round "2"]
[White "Ipatov,A ESP"]
[Black "Harikrishna,P"]
[Result "0-1"]
[WhiteElo "2512"]
[BlackElo "2667"]
[EventDate "2011.02.26"]

1. d4 e6 2. c4 Nf6 3. Nf3 d5 4. e3 g6 5. Nbd2 Bg7 6. b4 b6 7. Ba3 O-O 8.
Rc1 Re8 9. Qb3 Bb7 10. cxd5 Bxd5 11. Qc2 Bf8 12. Qb2 Nbd7 13. Bc4 a6 14.
O-O b5 15. Bd3 e5 16. e4 Bb7 17. d5 Rc8 18. Nb3 Nxd5 19. Na5 Ba8 20. exd5
e4 21. Bxe4 Rxe4 22. Qc2 Bxd5 23. Rfd1 Nb6 24. Bb2 Qe7 25. Qc3 f6 26. Nc6
Bxc6 27. Qxc6 Re6 28. Qb7 Re8 29. h4 Qxb4 30. Bc3 Qe7 31. Qxa6 b4 32. Bd4
Nd5 33. Qc4 Qf7 34. Qb3 Nf4 35. Kf1 Ne2 36. Rc2 Nxd4 37. Nxd4 Rd6 38. Qxf7+
Kxf7 39. Rxc7+ Kg8 40. Rc4 Red8 41. Ke2 Rd5 42. Rd2 Bh6 43. Rd1 f5 44. Rxb4
Bg7 45. Ke3 Re8+ 46. Kf3 Bf6 47. g3 Red8 48. Ke3 Re5+ 49. Kd3 Re4 50. Kc3
Re2 51. a4 Rxf2 52. Rd3 Rf1 53. Kd2 Rf2+ 54. Kc3 Ra2 55. Kb3 Ra1 56. Kb2
Re1 57. a5 Ra8 58. Ra4 Re5 59. a6 Re6 60. a7 Re7 61. Kc2 Bxd4 62. Rdxd4
Raxa7 63. Kd2 Rxa4 64. Rxa4 Kg7 65. h5 Kh6 66. hxg6 hxg6 67. Kd3 Kg5 68.
Kd2 Re4 69. Ra6 Kh5 70. Rb6 g5 71. Rf6 Kg4 72. Rg6 Ra4 73. Ke2 Ra3 0-1

[Event "27th Open"]
[Site "Cappelle la Grande FRA"]
[Date "2011.02.27"]
[Round "2"]
[White "Naumkin,I"]
[Black "Delchev,A"]
[Result "1-0"]
[WhiteElo "2499"]
[BlackElo "2629"]
[EventDate "2011.02.26"]

1. d4 Nf6 2. c4 g6 3. Nc3 d5 4. Nf3 Bg7 5. cxd5 Nxd5 6. Bd2 O-O 7. Rc1 Nc6
8. e4 Nxc3 9. bxc3 Bg4 10. Be2 Bxf3 11. Bxf3 e5 12. d5 Ne7 13. c4 c5 14.
Qb3 Qc7 15. O-O Nc8 16. a4 Nd6 17. a5 Rac8 18. Rfe1 Qd7 19. h3 Rc7 20. Rc2
Rb8 21. Ra2 Qe7 22. g3 h5 23. h4 b5 24. axb6 axb6 25. Rea1 Kh7 26. Ra6 Rcb7
27. Qc2 b5 28. cxb5 Nxb5 29. Qc4 Nd4 30. Bd1 Rb6 31. Kg2 Rxa6 32. Qxa6 Qb7
33. Qc4 Rc8 34. Bc3 Bf8 35. g4 hxg4 36. Bxg4 Rd8 37. h5 Bd6 38. hxg6+ fxg6
39. Qa6 Qxa6 40. Rxa6 Bf8 41. Ba5 Rd6 42. Ra7+ Kg8 43. Bc7 Nb5 44. Bxd6 1-0

[Event "27th Open"]
[Site "Cappelle la Grande FRA"]
[Date "2011.02.27"]
[Round "2"]
[White "Vuckovic,Bo"]
[Black "Djukic,Ni"]
[Result "1-0"]
[WhiteElo "2623"]
[BlackElo "2494"]
[EventDate "2011.02.26"]

1. d4 Nf6 2. c4 g6 3. Nc3 Bg7 4. e4 d6 5. Nf3 O-O 6. Be2 e5 7. Be3 Ng4 8.
Bg5 f6 9. Bh4 g5 10. Bg3 Nh6 11. h3 exd4 12. Nxd4 Nc6 13. O-O f5 14. Nxf5
Nxf5 15. exf5 Bxf5 16. Qd2 h6 17. Rad1 Nd4 18. Bg4 Qd7 19. f3 Be6 20. Bf2
Nf5 21. Nd5 c6 22. Ne3 Nd4 23. Nc2 Nf5 24. b3 a6 25. Nd4 Nxd4 26. Bxd4 Bxg4
27. hxg4 Bxd4+ 28. Qxd4 Rad8 29. Rfe1 Rde8 30. Kf2 Rxe1 31. Rxe1 Rf4 32.
Qe3 Kf7 33. Qd3 Kg7 34. Re3 Rf6 35. Qd4 Kf7 36. Qe4 Kg7 37. Qe7+ Qxe7 38.
Rxe7+ Rf7 39. Re6 Rf6 40. Re7+ Rf7 41. Rxf7+ Kxf7 42. g3 Kf6 43. f4 Kf7 44.
Kf3 Kf6 45. Ke4 Ke6 46. Kd4 Kf6 47. f5 a5 48. Kc3 Ke5 49. Kb2 d5 50. cxd5
Kxd5 51. Kc3 Kc5 52. Kd2 Kd6 53. Ke2 Kc5 54. Ke3 Kd5 55. Kd3 Ke5 56. Kc4
Kd6 57. Kd4 b6 58. a4 Ke7 59. Ke5 b5 60. f6+ Kd7 61. f7 Ke7 62. f8=Q+ Kxf8
63. Ke4 1-0

[Event "27th Open"]
[Site "Cappelle la Grande FRA"]
[Date "2011.02.27"]
[Round "2"]
[White "Brynell,S"]
[Black "Gurevich,M"]
[Result "1/2-1/2"]
[WhiteElo "2492"]
[BlackElo "2613"]
[EventDate "2011.02.26"]

1. d4 d5 2. c4 c6 3. Nf3 Nf6 4. Nc3 e6 5. Bg5 Be7 6. e3 Nbd7 7. Bd3 dxc4 8.
Bxc4 Nd5 9. Bxe7 Qxe7 10. O-O O-O 11. Rc1 N5f6 12. e4 e5 13. Re1 h6 14. a3
Rd8 15. Bf1 exd4 16. Qxd4 Nf8 17. Qe3 Ng4 18. Qe2 Ng6 19. Rcd1 Be6 20.
Rxd8+ Rxd8 21. Rd1 N4e5 22. Nxe5 Nxe5 23. Rxd8+ Qxd8 24. Qe3 Bc4 25. h3
Bxf1 26. Kxf1 Nc4 27. Qxa7 Nxb2 28. Kg1 Qd3 29. Qb8+ Kh7 30. Qe5 Qd7 31. a4
Nd3 32. Qf5+ Qxf5 33. exf5 Kg8 34. Kf1 Kf8 35. Ke2 Nf4+ 36. Kf3 Nd5 37. Ne4
b6 38. g3 Ke7 39. Ke2 Nf6 40. Nd2 Kd6 41. Nc4+ Kc5 42. Ne5 Kb4 43. Nxc6+
Kxa4 44. Ne5 b5 45. Nxf7 b4 46. Ne5 b3 47. Nd3 Ka3 48. Ke3 Nd5+ 49. Kd2 Nb6
50. Kc1 Ka2 51. Nb4+ Ka1 52. Nc2+ Ka2 53. Nb4+ Ka3 54. Nd3 Ka2 55. Nb4+ Ka1
56. Nc2+ Ka2 1/2-1/2

[Event "27th Open"]
[Site "Cappelle la Grande FRA"]
[Date "2011.02.27"]
[Round "2"]
[White "Iturrizaga,E"]
[Black "Jovanic,O"]
[Result "1-0"]
[WhiteElo "2611"]
[BlackElo "2489"]
[EventDate "2011.02.26"]

1. d4 d5 2. c4 c6 3. Nc3 Nf6 4. cxd5 cxd5 5. Bf4 Nc6 6. e3 e6 7. Bd3 Be7 8.
a3 a6 9. h3 O-O 10. Rc1 Bd7 11. Nf3 b5 12. O-O b4 13. axb4 Nxb4 14. Bb1 Qb6
15. Ne5 Rfc8 16. Bg5 Qd8 17. Bxf6 Bxf6 18. Bxh7+ Kf8 19. Bb1 g6 20. f4 Rab8
21. g4 Kg7 22. Qf3 Bb5 23. Nxb5 Rxc1 24. Rxc1 Rxb5 25. f5 exf5 26. gxf5 g5
27. Qh5 Rb7 28. Ng4 Rb6 29. Kh1 Kf8 30. Ne5 Rb7 31. h4 gxh4 32. Qh7 Bg7 33.
Rg1 Qf6 34. Ng4 Qd6 35. f6 Bxf6 36. Qh6+ Ke7 37. Rf1 Rc7 38. Qxf6+ Qxf6 39.
Nxf6 Ke6 40. Ng4 1-0

[Event "27th Open"]
[Site "Cappelle la Grande FRA"]
[Date "2011.02.27"]
[Round "2"]
[White "Matjushin,G"]
[Black "Pantsulaia,L"]
[Result "0-1"]
[WhiteElo "2490"]
[BlackElo "2610"]
[EventDate "2011.02.26"]

1. e4 c5 2. Nf3 e6 3. c4 Qc7 4. Nc3 a6 5. Be2 Nc6 6. O-O Nd4 7. Nxd4 cxd4
8. Nb1 Ne7 9. b4 Ng6 10. a3 a5 11. b5 Nf4 12. d3 a4 13. Ra2 Bc5 14. Bf3 O-O
15. g3 Ng6 16. Bg2 b6 17. f4 f6 18. Nd2 Bb7 19. Bb2 Ne7 20. Bh3 f5 21. Bg2
fxe4 22. Nxe4 Nf5 23. Bc1 Be7 24. Rc2 h6 25. Re1 Rac8 26. Ree2 Qb8 27. Nf2
Bxg2 28. Kxg2 Qb7+ 29. Kg1 Qf3 30. Re4 Qxd1+ 31. Nxd1 Kf7 32. Ree2 Rfd8 33.
Kg2 d5 34. Nb2 Bxa3 35. Nxa4 Bxc1 36. Rxc1 dxc4 37. dxc4 d3 38. Rd2 Ne3+
39. Kf2 Nxc4 40. Rdd1 g5 41. Rc3 Nb2 42. Ra1 gxf4 43. gxf4 Ra8 44. Nxb2
Rxa1 45. Nxd3 Rb1 46. Ne5+ Kf6 0-1

[Event "27th Open"]
[Site "Cappelle la Grande FRA"]
[Date "2011.02.27"]
[Round "2"]
[White "Solodovnichenko,Y"]
[Black "Haub,TM"]
[Result "1-0"]
[WhiteElo "2577"]
[BlackElo "2489"]
[EventDate "2011.02.26"]

1. e4 g6 2. d4 Bg7 3. Nc3 d6 4. Be3 a6 5. g4 b5 6. Bg2 Bb7 7. h4 h6 8. Qd2
Nd7 9. a3 Ngf6 10. f3 c5 11. Nge2 Rc8 12. g5 hxg5 13. hxg5 Rxh1+ 14. Bxh1
Nh5 15. dxc5 Nxc5 16. Bg2 Nd7 17. Rd1 Ne5 18. b3 Kf8 19. Kf2 Qa5 20. Bd4
Nc6 21. Bxg7+ Kxg7 22. a4 bxa4 23. Nxa4 Qxd2 24. Rxd2 Ne5 25. Nb6 Rb8 26.
Nd5 Bxd5 27. exd5 Rb4 28. Ke3 Rh4 29. Rd4 Rxd4 30. Nxd4 Ng3 31. Bh3 f5 32.
gxf6+ Kxf6 33. f4 Nf7 34. b4 g5 35. Bc8 gxf4+ 36. Kxf4 Nh5+ 37. Ke4 Ng5+
38. Ke3 e5 39. Nc6 Ng3 40. c4 e4 41. b5 axb5 42. cxb5 Nf1+ 43. Ke2 Ng3+ 44.
Kf2 e3+ 45. Kxe3 N3e4 46. b6 Nc5 47. b7 Nxb7 48. Bxb7 Nh7 49. Kf4 Kg7 50.
Kf5 Nf6 51. Nd8 Nxd5 52. Bxd5 Kh6 53. Nf7+ Kg7 54. Kg5 Kh7 55. Kf6 Kg8 56.
Ng5+ Kh8 57. Be6 d5 58. Kf7 1-0

[Event "27th Open"]
[Site "Cappelle la Grande FRA"]
[Date "2011.02.27"]
[Round "2"]
[White "Zagrebelny,S"]
[Black "Spraggett,K"]
[Result "0-1"]
[WhiteElo "2481"]
[BlackElo "2575"]
[EventDate "2011.02.26"]

1. e4 Nf6 2. e5 Nd5 3. d4 d6 4. c4 Nb6 5. exd6 cxd6 6. Nc3 g6 7. Be3 Bg7 8.
Rc1 O-O 9. h3 Bf5 10. d5 Na6 11. Nf3 Rc8 12. b3 Nc5 13. Be2 Bd7 14. O-O a5
15. Bd4 Bh6 16. Nd2 Be8 17. f4 f5 18. Qe1 Bf7 19. Qf2 Nbd7 20. Rfe1 e5 21.
dxe6 Nxe6 22. Be3 Ndc5 23. Rcd1 Be8 24. Nd5 Bc6 25. Bf1 Re8 26. g3 Bg7 27.
Kh2 Kh8 28. Qg1 b5 29. Nf3 b4 30. Bg2 a4 31. Nxb4 Bxf3 32. Bxf3 axb3 33.
axb3 Qb6 34. Nd5 Qxb3 35. Rb1 Qa3 36. Rb6 Nd3 37. Re2 Nb2 38. Rb7 Nxc4 39.
Bg2 Nxe3 40. Rxe3 Qa2 41. Nb4 Qb2 42. Qf1 Nd4 43. Na6 Qa2 44. Rxe8+ Rxe8
45. h4 h5 46. Rb8 Rxb8 47. Nxb8 Qb2 48. Na6 Qc3 49. Qf2 Kh7 50. Qf1 Nc2 51.
Qc1 Qd3 52. Bf1 Qe4 53. Bg2 Qe2 54. Qf1 Qd2 55. Nc7 Ne3 56. Qf3 Qe1 57. Kh3
Ng4 58. Qf1 Qd2 59. Nd5 Bd4 60. Qc4 Bg1 61. Nf6+ Kh6 62. Ng8+ Kg7 63. Qc7+
Kh8 0-1

[Event "27th Open"]
[Site "Cappelle la Grande FRA"]
[Date "2011.02.27"]
[Round "2"]
[White "Sharapov,E"]
[Black "Gajewski,G"]
[Result "1-0"]
[WhiteElo "2468"]
[BlackElo "2569"]
[EventDate "2011.02.26"]

1. e4 c5 2. Nf3 e6 3. c4 Nc6 4. Nc3 Nge7 5. d4 Nxd4 6. Nxd4 cxd4 7. Qxd4
Nc6 8. Qd2 Bc5 9. Bd3 O-O 10. O-O d6 11. b3 e5 12. Bb2 Be6 13. a3 Nd4 14.
b4 Bb6 15. Rad1 Bg4 16. Ne2 Rc8 17. h3 Nf3+ 18. gxf3 Bxh3 19. c5 dxc5 20.
Bxe5 cxb4 21. axb4 Rc6 22. Bg3 Rg6 23. e5 Rxg3+ 24. Nxg3 Qh4 25. Ne2 Bxf1
26. Rxf1 Rd8 27. Kg2 g6 28. Ng3 Qd4 29. Rd1 Qxe5 30. Qe2 Qg5 31. Bc4 Kf8
32. Rxd8+ Qxd8 33. Qe5 Bd4 34. Qf4 Qf6 35. Qb8+ Kg7 36. Qxb7 h5 37. Qe4 h4
38. Ne2 Bb6 39. f4 Bc7 40. Qd4 Qxd4 41. Nxd4 Bxf4 42. Nc6 Bd6 43. b5 Bc5
44. Nd8 h3+ 45. Kxh3 Bxf2 46. Nxf7 Kf6 47. Kg4 Bg1 48. Kf4 Bh2+ 49. Ke4 Bg3
50. Nd8 Bc7 51. Ne6 Bh2 52. Nf4 Kg5 53. Ne2 Kf6 54. Nd4 Bg1 55. Kd5 Bf2 56.
Bd3 g5 57. Be2 Bg1 58. Bg4 Bf2 59. Nc6 Bg1 60. Kd6 Bb6 61. Kd7 Bc5 62. Kc7
Bb6+ 63. Kd6 Bg1 64. Kd5 Bb6 65. Nd4 Bc7 66. Ne6 Bb6 67. Nc5 Bc7 68. Ne4+
Kg6 69. Ke6 Bb6 70. Nf6 Bd4 71. Nd7 Be3 72. Ne5+ Kg7 73. Kf5 Bf4 74. Nc6
Be3 75. Nd8 Bd2 76. Ne6+ Kh6 77. Kf6 Bc3+ 78. Kf7 Be5 79. Nf8 Bd4 80. Ng6
Bc3 81. Ne7 Ba5 82. Ng8+ Kh7 83. Bf5+ Kh8 84. Nh6 Bd2 85. Kg6 Be3 86. Be6
Bc1 87. Bc4 Bd2 88. Nf7+ Kg8 89. Nxg5+ Kf8 90. Ne4 Bb4 91. Kf6 Ke8 92. Ke6
Kd8 93. Nf6 Kc8 94. Bd5 Kc7 95. Bc6 Ba3 96. Nd5+ Kc8 97. Ke5 Bc5 98. Nf6
Bb4 99. Bf3 Bc3+ 100. Ke6 Bd4 101. Ne8 Kd8 102. Bh5 Kc8 103. Kd5 Bb6 104.
Kc6 Kb8 105. Nf6 Bd4 106. Nd7+ Kc8 107. Bg4 Kd8 108. Kb7 Ke8 1-0

[Event "27th Open"]
[Site "Cappelle la Grande FRA"]
[Date "2011.02.27"]
[Round "2"]
[White "Wirig,A"]
[Black "Leon Hoyos,M"]
[Result "1/2-1/2"]
[WhiteElo "2466"]
[BlackElo "2565"]
[EventDate "2011.02.26"]

1. d4 Nf6 2. Nf3 g6 3. c4 c5 4. g3 Bg7 5. Bg2 O-O 6. O-O cxd4 7. Nxd4 d5 8.
cxd5 Nxd5 9. Nc3 Nxc3 10. bxc3 Qa5 11. Qb3 Nc6 12. Be3 Qa6 13. a4 Rd8 14.
Nxc6 bxc6 15. Qb4 Be6 16. Qxe7 Qxe2 17. Qc5 Bd5 18. Bxd5 cxd5 19. Bd4 Qc4
20. Qxc4 dxc4 21. Bxg7 Kxg7 22. Rab1 Rab8 23. Rb5 Rxb5 24. axb5 Rd5 25. Ra1
Rxb5 26. Ra4 a5 27. Rxc4 Rb1+ 28. Kg2 Ra1 29. Rc6 1/2-1/2

[Event "27th Open"]
[Site "Cappelle la Grande FRA"]
[Date "2011.02.27"]
[Round "2"]
[White "Smith,Ax"]
[Black "Jankovic,A"]
[Result "0-1"]
[WhiteElo "2451"]
[BlackElo "2564"]
[EventDate "2011.02.26"]

1. e4 c5 2. Nf3 d6 3. d4 cxd4 4. Nxd4 Nf6 5. Nc3 Nc6 6. Bg5 e6 7. Qd2 a6 8.
O-O-O Bd7 9. f4 b5 10. Bxf6 gxf6 11. Kb1 Rc8 12. f5 Ne5 13. fxe6 fxe6 14.
Be2 h5 15. Rdf1 Bg7 16. a3 Qb6 17. Nd1 a5 18. Qe3 O-O 19. Nxb5 Rc5 20. Nd4
Rb8 21. Nb3 Nc4 22. Bxc4 Rxc4 23. Qxb6 Rxb6 24. Nxa5 Rxe4 25. Nc3 Rg4 26.
Rd1 f5 27. h3 Rxg2 28. Nc4 Rc6 29. Nxd6 Rb6 30. Nc4 Rb7 31. Rd3 e5 32. Rhd1
Be6 33. Rd8+ Kh7 34. Nd6 Rd7 35. Rxd7 Bxd7 36. b4 e4 37. Nd5 Rg3 38. Ka2
Be6 39. c4 Be5 40. Ne7 Bxd6 41. Rxd6 Bxc4+ 42. Kb2 e3 43. Rh6+ Kxh6 44.
Nxf5+ Kg5 45. Nxg3 h4 46. Ne4+ Kf4 47. Nc3 e2 48. Nxe2+ Bxe2 49. a4 Bf1 50.
b5 Bxh3 51. a5 Bc8 52. a6 h3 53. a7 Bb7 54. b6 h2 0-1

[Event "27th Open"]
[Site "Cappelle la Grande FRA"]
[Date "2011.02.27"]
[Round "2"]
[White "Burg,T"]
[Black "Kovchan,A"]
[Result "1/2-1/2"]
[WhiteElo "2448"]
[BlackElo "2561"]
[EventDate "2011.02.26"]

1. e4 c6 2. d4 d5 3. Nc3 dxe4 4. Nxe4 Bf5 5. Ng3 Bg6 6. h4 h6 7. Nf3 Nd7 8.
h5 Bh7 9. Bd3 Bxd3 10. Qxd3 e6 11. Bd2 Ngf6 12. O-O-O Be7 13. Qe2 c5 14.
Rhe1 O-O 15. Nf5 exf5 16. Qxe7 Qc7 17. dxc5 Rfe8 18. Qd6 Qxc5 19. Rxe8+
Rxe8 20. Qxc5 Nxc5 21. Be3 Nce4 22. Bxa7 Ra8 23. Bd4 Rxa2 24. Kb1 Ra6 25.
Bxf6 Rxf6 26. Rd8+ Kh7 27. Ne5 g5 28. f3 Ng3 29. Rb8 Re6 30. Nxf7 b6 31.
Rb7 Kg8 32. b4 Nxh5 33. Nd8 Rd6 34. Nf7 Re6 35. b5 Nf4 36. Nd8 Re8 37. Nc6
Nxg2 38. Ne7+ Kf8 39. Nxf5 Re6 40. c4 Rf6 41. Rb8+ Kf7 42. Rb7+ Kf8 43.
Rb8+ Kf7 44. Rb7+ 1/2-1/2

[Event "27th Open"]
[Site "Cappelle la Grande FRA"]
[Date "2011.02.27"]
[Round "2"]
[White "Sanikidze,T"]
[Black "Guidarelli,L"]
[Result "1/2-1/2"]
[WhiteElo "2559"]
[BlackElo "2446"]
[EventDate "2011.02.26"]

1. e4 c6 2. c4 d5 3. exd5 Nf6 4. d4 cxd5 5. Nf3 Nc6 6. Nc3 Bg4 7. cxd5 Nxd5
8. Qb3 Bxf3 9. gxf3 e6 10. Qxb7 Nxd4 11. Bb5+ Nxb5 12. Qc6+ Ke7 13. Qxb5
Qd7 14. Nxd5+ Qxd5 15. Qxd5 exd5 16. Be3 Ke6 17. O-O-O Bb4 18. a3 Rhc8+ 19.
Kb1 Bc5 20. Rhe1 Bxe3 21. Rxe3+ Kd6 22. b3 Re8 23. Kc2 Re6 24. Rd4 Rg6 25.
Red3 Rg2 26. Rxd5+ Ke6 27. Rd6+ Kf5 28. h4 Rxf2+ 29. Kc3 h5 30. b4 Rc8+ 31.
Kb3 Kf4 32. Rd7 Rf8 33. Rxa7 g5 34. hxg5 h4 35. b5 h3 36. Ra4+ Kxg5 37. f4+
Kg4 38. f5+ Kxf5 39. Rxh3 Rf1 40. Rc4 Ke6 41. Re3+ Kd5 42. Rd3+ Ke5 43. Kc2
f5 44. b6 Rb8 45. Rb4 f4 46. a4 f3 47. Kd2 Rg8 48. Rb5+ Ke4 49. b7 Rg2+ 50.
Kc3 Rc1+ 51. Kb4 Rg8 52. Rd2 Ke3 53. Rd7 f2 54. Re7+ Kd4 55. Rd7+ Ke3 56.
Re7+ Kd4 57. Rd7+ 1/2-1/2

[Event "27th Open"]
[Site "Cappelle la Grande FRA"]
[Date "2011.02.27"]
[Round "2"]
[White "Vorobiov,E"]
[Black "Sanduleac,V"]
[Result "1-0"]
[WhiteElo "2556"]
[BlackElo "2442"]
[EventDate "2011.02.26"]

1. e4 c6 2. d4 d5 3. Nc3 dxe4 4. Nxe4 Bf5 5. Ng3 Bg6 6. Nf3 Nd7 7. h4 h6 8.
h5 Bh7 9. Bd3 Bxd3 10. Qxd3 e6 11. Bd2 Ngf6 12. O-O-O Be7 13. Kb1 O-O 14.
Ne4 Nxe4 15. Qxe4 Nf6 16. Qe2 Qd5 17. Ne5 Qe4 18. Qxe4 Nxe4 19. Be3 Rfd8
20. g4 Bf6 21. Rhe1 Nd6 22. c3 Rac8 23. Kc2 b6 24. Bf4 Kf8 25. f3 Nb7 26.
Nd3 Ke7 27. Be3 Nd6 28. Bc1 Kf8 29. Re2 Nb7 30. f4 Be7 31. Rf1 Nd6 32. b3
Rc7 33. a4 Kg8 34. Ba3 Nc8 35. Bb2 Bf8 36. c4 a6 37. Bc3 Be7 38. Ne5 Bf6
39. Nf3 c5 40. dxc5 Bxc3 41. cxb6 Nxb6 42. Kxc3 Nd5+ 43. Kb2 Nxf4 44. Rd2
Rxd2+ 45. Nxd2 Nd3+ 46. Kc3 Ne5 47. b4 Nxg4 48. b5 axb5 49. axb5 Ne3 50.
Rb1 Nd5+ 51. Kb3 Nb6 52. Rc1 Ra7 53. Ne4 f5 54. Nc3 f4 55. c5 Nc8 56. Kb4
f3 57. b6 Rf7 58. Kb5 f2 59. Rf1 Rf5 60. Ne4 Rf3 61. Rxf2 Rb3+ 62. Kc6 Ne7+
63. Kb7 e5 64. Rd2 Re3 65. Rd7 1-0

[Event "27th Open"]
[Site "Cappelle la Grande FRA"]
[Date "2011.02.27"]
[Round "2"]
[White "Kharitonov,Alexandr"]
[Black "Solomon,K"]
[Result "1-0"]
[WhiteElo "2552"]
[BlackElo "2425"]
[EventDate "2011.02.26"]

1. d4 d5 2. c4 e6 3. Nc3 Be7 4. cxd5 exd5 5. Bf4 c6 6. e3 Bf5 7. Bd3 Bxd3
8. Qxd3 Nf6 9. Nge2 Nbd7 10. Ng3 g6 11. O-O O-O 12. Rad1 Re8 13. f3 c5 14.
Nb5 Rc8 15. Nxa7 Ra8 16. Nb5 Rxa2 17. Nc7 Rf8 18. Qb3 Ra7 19. Nxd5 Nxd5 20.
Qxd5 cxd4 21. Qxd4 b6 22. Ne4 Re8 23. Bh6 Bf8 24. Bxf8 Rxf8 25. Rd2 Qe7 26.
Rfd1 f5 27. Nc3 Nc5 28. Nd5 Qe6 29. Qc3 Raf7 30. b4 Nd7 31. Nf4 Qf6 32. Qb3
Ne5 33. Ne6 Re8 34. Rd8 1-0